000
00258nam a2200109Ia 4500
008
190216s9999||||xx |||||||||||||| ||und||
100
_a
Bhabani Bhattacharya
245
0
_a
Music For Mohini
260
_b
An Orient Paper Back
650
_a
English
942
_c
BK
999
_c
12840
_d
12840